000 00676nam a2200241 a 4500
008
020 _a0201168936 (hbk.)
049 _aMAIN
090 _aTA174
_bEAR
100 1 _aEarle, James H.
245 1 0 _aEngineering design graphics /
_cJames H. Earle.
250 _a6th ed.
260 _aReading, Mass. :
_bAddison-Wesley,
_c1990.
300 _axxiv, 751, 82, 16 p. :
_bill. ;
_c24 cm.
500 _aIncludes index.
650 0 _aEngineering design.
650 0 _aEngineering graphics.
907 _a.b10063158
_b27-08-15
_c17-04-03
003
005 20230123133636.0
040 _cNUST
942 _cBOOKS
_kTA174
_mEAR
999 _c152121
_d152121